Closest Capital Cities at different Sides of the Equator - Statistics

General Stats
  • This quiz has been taken 67 times
  • The average score is 30 of 40
Answer Stats
Capital City % Correct
Quito
93%
Quito
93%
Bogota
91%
Kinshasa
91%
Kinshasa
91%
Kinshasa
91%
Jakarta
85%
Nairobi
85%
Nairobi
85%
Nairobi
85%
Kampala
83%
Kampala
83%
Kampala
83%
Kampala
83%
Mogadishu
83%
Brazzaville
80%
Brazzaville
80%
Brazzaville
80%
Brazzaville
80%
Libreville
80%
Libreville
80%
Kigali
76%
Kigali
76%
Juba
74%
Juba
74%
Juba
74%
Sao Tome
74%
Singapore
74%
Bangui
70%
Bangui
70%
Yaounde
70%
Yaounde
70%
Dodoma
69%
Panama City
69%
Bujumbura
63%
Bujumbura
63%
Yaren
50%
Yaren
50%
Tarawa
44%
Majuro
43%
No matching quizzes found
Score Distribution
Percent of People with Each Score
Percentile by Number Answered
Your Score History
You have not taken this quiz